| 000 | 00560nam a2200217Ia 4500 | ||
|---|---|---|---|
| 003 | OSt | ||
| 005 | 20140322125358.0 | ||
| 008 | 140130s9999 xx 000 0 und d | ||
| 020 | _a0439814391 | ||
| 050 |
_aTR _bTr67 2003 |
||
| 100 | _aGrace, Will | ||
| 245 |
_cWill Grace _aRed Train / |
||
| 260 |
_bScholastic, _cc2006. _aNew York : |
||
| 300 |
_a1 v. (unpaged) : _bcol. ill. ; _c11 cm. |
||
| 440 | _v1 | ||
| 650 |
_aRailroads _vFiction. _xTrains |
||
| 650 | _aCounting. | ||
| 650 |
_aColor _vJuvenile literature. |
||
| 942 |
_cBK _2lcc |
||
| 999 |
_c41814 _d41814 |
||